[Event "GER-ch Net qual2 U25"]
[Site "Playchess.com INT"]
[Date "2011.05.04"]
[Round "1"]
[White "Tunkel, Stefan"]
[Black "Gegenfurtner, Juergen"]
[Result "0-1"]
[WhiteElo "1945"]
[BlackElo "2432"]
[PlyCount "190"]
[EventDate "2011.05.04"]
[EventType "swiss (blitz)"]
[EventRounds "7"]
[EventCountry "GER"]
[SourceTitle "CBM 142 Extra"]
[Source "ChessBase"]
[SourceDate "2011.06.27"]
[SourceVersion "1"]
[SourceVersionDate "2011.06.27"]
[SourceQuality "1"]

1. d4 d5 2. Nf3 Nf6 3. e3 e6 4. Bd3 Be7 5. 0-0 0-0 6. b3 Nbd7 7. Bb2 c5 8. Nbd2 b6 9. Ne5 Bb7 10. f4 a6 11. Re1 b5 12. c4 bxc4 13. bxc4 cxd4 14. Bxd4 Rc8 15. Rb1 Qc7 16. Qb3 Ba8 17. Qa4 Nc5 18. Bxc5 Bxc5 19. Qxa6 Rfd8 20. Rbc1 d4 21. e4 h5 22. g3 Ng4 23. Nxg4 hxg4 24. Nb3 g6 25. Qa5 Qxa5 26. Nxa5 Bb4 27. Nb3 Bxe1 28. Rxe1 Bb7 29. c5 Bc6 30. Kf1 Ba4 31. Rc1 Rc7 32. Ke2 Rdc8 33. Nxd4 Rxc5 34. Rb1 Rh5 35. Rh1 Rb8 36. Ke3 Rb2 37. Be2 Rxa2 38. Bxg4 Rhxh2 39. Rxh2 Rxh2 40. f5 e5 41. Nf3 Rg2 42. Nxe5 gxf5 43. Bxf5 Rxg3+ 44. Kf4 Ra3 45. Ng4 Kg7 46. Ne3 Bb3 47. Ng4 Ra6 48. Ne5 Bd1 49. Nd3 Ra3 50. Nc5 f6 51. e5 Rf3+ 52. Ke4 Rc3 53. exf6+ Kxf6 54. Nd7+ Ke7 55. Ne5 Kf6 56. Nd7+ Kg5 57. Ne5 Bc2+ 58. Kd4 Rc7 59. Bxc2 Rxc2 60. Kd5 Kf5 61. Nd3 Rd2 62. Kd4 Rd1 63. Kc3 Rh1 64. Kc2 Rh2+ 65. Kc3 Ke4 66. Nc5+ Kd5 67. Nd3 Rh3 68. Kd2 Kd4 69. Ne1 Rh2+ 70. Kd1 Kc3 71. Nf3 Rf2 72. Ne1 Kd4 73. Nc2+ Kd3 74. Ne1+ Ke3 75. Nc2+ Ke4 76. Ne1 Ra2 77. Nc2 Kd3 78. Ne1+ Ke3 79. Nc2+ Kf2 80. Kd2 Rb2 81. Kc3 Rb7 82. Nd4 Ke3 83. Nb3 Rc7+ 84. Kb4 Kd3 85. Nc5+ Kd4 86. Nb3+ Kd5 87. Kb5 Rb7+ 88. Ka4 Rb8 89. Na5 Kc5 90. Nb3+ Kc4 91. Na5+ Kc3 92. Nc6 Rb6 93. Na5 Rb4+ 94. Ka3 Rb1 95. Nc6 Ra1# 0-1

[Event "GER-ch Net qual1 U25"]
[Site "Playchess.com INT"]
[Date "2011.05.01"]
[Round "2"]
[White "Siebarth, Marco"]
[Black "Tunkel, Stefan"]
[Result "1/2-1/2"]
[WhiteElo "2054"]
[BlackElo "1867"]
[PlyCount "159"]
[EventDate "2011.05.01"]
[EventType "swiss (blitz)"]
[EventRounds "7"]
[EventCountry "GER"]
[SourceTitle "CBM 142 Extra"]
[Source "ChessBase"]
[SourceDate "2011.06.27"]
[SourceVersion "1"]
[SourceVersionDate "2011.06.27"]
[SourceQuality "1"]

1. e4 d6 2. Nc3 Nf6 3. f4 g6 4. Nf3 Bg7 5. d4 c5 6. dxc5 Qa5 7. Bb5+ Bd7 8. Bxd7+ Nbxd7 9. 0-0 Qxc5+ 10. Kh1 0-0 11. Qe2 Rac8 12. Be3 Qc4 13. Qd3 a6 14. h3 b5 15. a3 Nc5 16. Qxc4 bxc4 17. Bxc5 Rxc5 18. e5 Nd5 19. Nxd5 Rxd5 20. Rfd1 Rxd1+ 21. Rxd1 Rb8 22. exd6 exd6 23. Rxd6 Rxb2 24. Rxa6 Rxc2 25. Ra8+ Bf8 26. Ne5 Kg7 27. Rc8 c3 28. a4 Bd6 29. Nd3 Ra2 30. Rxc3 Rxa4 31. g3 h5 32. Kg2 h4 33. Rc6 Rd4 34. Rc3 hxg3 35. Kxg3 g5 36. Kf3 Bxf4 37. Nf2 Be5 38. Rb3 Rf4+ 39. Kg2 f5 40. Nd3 Re4 41. Rb7+ Kg6 42. Rb6+ Bf6 43. Nc5 Rd4 44. Ne6 Rd2+ 45. Kf3 Rd3+ 46. Kg2 Re3 47. Nc5 Re2+ 48. Kf3 Rd2 49. Ke3 Rd8 50. Kf3 Rd5 51. Ne6 Rd3+ 52. Kg2 Rd2+ 53. Kg3 Rd5 54. Nc7 Rd3+ 55. Kf2 Kf7 56. Kg2 Rd2+ 57. Kf3 Bd8 58. Rb7 Bxc7 59. Rxc7+ Ke6 60. Rg7 Kf6 61. Rb7 Rd3+ 62. Kg2 Ke5 63. Rb5+ Ke4 64. Rb4+ Rd4 65. Rb8 Kf4 66. Rb5 Rd2+ 67. Kg1 Kg3 68. Rb3+ Kh4 69. Kh1 f4 70. Kg1 g4 71. hxg4 Kxg4 72. Kf1 f3 73. Rb8 Kg3 74. Rg8+ Kf4 75. Rf8+ Ke3 76. Re8+ Kf4 77. Rf8+ Kg4 78. Rg8+ Kh3 79. Rh8+ Kg3 80. Rg8+ 1/2-1/2

[Event "Dortmund op"]
[Site "Dortmund"]
[Date "2009.07.09"]
[Round "6"]
[White "Tunkel, Stefan"]
[Black "Barskij, Alexander"]
[Result "1/2-1/2"]
[WhiteElo "1822"]
[BlackElo "2003"]
[PlyCount "63"]
[EventDate "2009.07.04"]
[EventType "swiss"]
[EventRounds "9"]
[EventCountry "GER"]
[SourceTitle "CBM 131 Extra"]
[Source "ChessBase"]
[SourceDate "2009.09.03"]
[SourceVersion "2"]
[SourceVersionDate "2009.09.16"]
[SourceQuality "1"]

1. e4 c5 2. Nf3 d6 3. d4 cxd4 4. Nxd4 Nf6 5. Nc3 Nc6 6. Bg5 e6 7. Be2 a6 8. 0-0 Be7 9. Kh1 Bd7 10. f4 Nxd4 11. Qxd4 Bc6 12. Rad1 0-0 13. f5 b5 14. fxe6 fxe6 15. e5 Nd5 16. Rxf8+ Qxf8 17. Rf1 Qe8 18. Ne4 Bxg5 19. Nxg5 Qg6 20. Nf3 Qxc2 21. Bd3 Qa4 22. Qxa4 bxa4 23. exd6 Bb5 24. Bxb5 axb5 25. Re1 Kf7 26. Ng5+ Kf6 27. Nxe6 Nb6 28. Nc7 Rd8 29. Nxb5 Nc4 30. b3 axb3 31. axb3 Nxd6 32. Rd1 1/2-1/2

[Event "Dortmund op"]
[Site "Dortmund"]
[Date "2009.07.07"]
[Round "4"]
[White "Tunkel, Stefan"]
[Black "Krueger, Andre"]
[Result "1/2-1/2"]
[WhiteElo "1822"]
[BlackElo "2085"]
[PlyCount "54"]
[EventDate "2009.07.04"]
[EventType "swiss"]
[EventRounds "9"]
[EventCountry "GER"]
[SourceTitle "CBM 131 Extra"]
[Source "ChessBase"]
[SourceDate "2009.09.03"]
[SourceVersion "2"]
[SourceVersionDate "2009.09.16"]
[SourceQuality "1"]

1. e4 e6 2. d4 d5 3. Nc3 Bb4 4. Bd2 Ne7 5. exd5 exd5 6. Bd3 Nbc6 7. Nce2 Bd6 8. c3 Bf5 9. Nf4 Qd7 10. Qc2 Bxd3 11. Qxd3 0-0-0 12. 0-0-0 h5 13. Qh3 g5 14. Qxd7+ Kxd7 15. Nd3 f6 16. h4 g4 17. Ne2 Ng6 18. Bf4 Rde8 19. Be3 Nce7 20. g3 Nf5 21. Kd2 Ng7 22. Bf4 Ne6 23. Bxd6 Kxd6 24. Rhe1 c6 25. Rb1 Rb8 26. Rf1 Rhf8 27. f3 f5 1/2-1/2